Adobe Photoshop CS4 Pro Hướng dẫn cơ bản về xử lý ảnh tinh tế và sáng tạo chuyên nghiệp

Bewaard in:
Bibliografische gegevens
Hoofdauteur: Nguyễn, Hoài Phong
Formaat: Boek
Gepubliceerd in: Hà Nội Tử điển bách khoa 2009
Onderwerpen:
Tags: Voeg label toe
Geen labels, Wees de eerste die dit record labelt!
Thư viện lưu trữ: Trung tâm Học liệu Lê Vũ Hùng, Trường Đại học Đồng Tháp
LEADER 00914pam a22002778a 4500
001 00032799
005 20171026081023.0
008 141127s2009 ||||||Viesd
020 |c 35000 
041 0 # |a Vie 
082 1 4 |a 006.6  |b A100D 
100 1 # |a Nguyễn, Hoài Phong 
245 0 0 |a Adobe Photoshop CS4 Pro  |b Hướng dẫn cơ bản về xử lý ảnh tinh tế và sáng tạo chuyên nghiệp  |c Nguyễn Hoài Thương 
260 # # |a Hà Nội  |b Tử điển bách khoa  |c 2009 
300 # # |a 253 tr.  |c 24 cm. 
653 # # |a Adobe photoshop 
653 # # |a Máy vi tính 
653 # # |a Đồ họa 
653 # # |a Xử lý ảnh 
653 # # |a Tin học 
653 # # |a Phần mềm 
852 # # |j KD.0016352 
852 # # |b Kho đọc  |j KD.0016352 
910 |d 27/11/2014 
980 # # |a Trung tâm Học liệu Lê Vũ Hùng, Trường Đại học Đồng Tháp